[Event "Division de Honor Titulo"]
[Site "Aragon"]
[Date "2011.04.09"]
[Round "10.13"]
[White "Navarro Alonso Jorge Luis"]
[Black "Del Rey Diego"]
[Result "0-1"]
[WhiteElo "2157"]
[BlackElo "2374"]

1.e4 d6 2.d4 Nf6 3.Nc3 e5 4.Nf3 Nbd7 5.Bc4 Be7 6.O-O Nb6 7.Bb3 exd4 8.Qxd4 O-O
9.a4 a5 10.Bg5 Nfd7 11.Bxe7 Qxe7 12.Rfe1 Ne5 13.Qe3 Be6 14.Nd5 Bxd5 15.Bxd5
Nxf3+ 16.Qxf3 c6 17.Bb3 Nd7 18.Rad1 Nc5 19.Qc3 Qe5 20.Qxe5 dxe5 21.f3 Rfd8 22.
Kf2 Rd4 23.Ke3 Rb4 24.Kd2 Rd8+ 25.Kc3 Rdd4 26.h3 Kf8 27.Rd2 Nxb3 28.cxb3 Rxb3+
29.Kxb3 Rxd2 30.Rg1 Ke7 31.Kc3 Rf2 32.b3 Kd6 33.Rd1+ Kc7 34.Rg1 b5 35.b4 bxa4
36.bxa5 a3 37.Ra1 a2 38.Kb4 Rb2+ 39.Ka3 Rxg2 40.Rxa2 0-1

[Event "Division de Honor Titulo"]
[Site "Aragon"]
[Date "2011.04.09"]
[Round "10.14"]
[White "Chueca Forcen Alberto"]
[Black "Guzman Moneo Alberto"]
[Result "1-0"]
[WhiteElo "2295"]
[BlackElo "2170"]

1.d4 Nf6 2.Bg5 c6 3.Bxf6 exf6 4.c4 d5 5.cxd5 Qxd5 6.Nc3 Qa5 7.e3 Bb4 8.Ne2 O-O
9.a3 Bd6 10.g3 Bg4 11.Bg2 Nd7 12.h3 Bh5 13.g4 Bg6 14.f4 f5 15.e4 fxg4 16.hxg4
f6 17.Qb3+ Bf7 18.Qxb7 Nb6 19.Qxc6 Nc4 20.Qb5 Qd8 21.Nd5 Rc8 22.Rc1 a6 23.Qxa6
Bxd5 24.exd5 Nb6 25.Rc6 Rb8 26.Qd3 g6 27.Be4 Rf7 28.Kf2 Nc8 29.b4 Ne7 30.Rcc1
f5 31.gxf5 Nxf5 32.Rcg1 Qf6 33.Bxf5 Qxf5 34.Qxf5 Rxf5 35.Rg5 Rbf8 36.Rxf5 Rxf5
37.Ke3 Rxd5 38.Ke4 Rf5 39.Rc1 Kf7 40.Rc6 Ke7 41.d5 h5 42.b5 h4 43.Rc3 Rh5 44.
Rh3 Bc5 45.a4 Kd6 46.Nc3 Bb4 47.Kd4 Bxc3+ 48.Kxc3 Kxd5 49.Kb4 Rh8 50.a5 Ke4
51.b6 Kxf4 52.b7 Kg4 53.Rh1 Kg3 54.Rg1+ Kf2 55.Rxg6 h3 56.Rc6 h2 57.Rc1 h1=Q
58.Rxh1 Rxh1 59.Kc5 Rb1 60.a6 Ke3 61.Kc6 Ra1 62.Kb6 1-0

[Event "Division de Honor Titulo"]
[Site "Aragon"]
[Date "2011.04.09"]
[Round "10.15"]
[White "Cerrajeria Ruiz Jesus Maria"]
[Black "Hernando Garcia Antonio"]
[Result "0-1"]
[WhiteElo "2149"]
[BlackElo "2215"]

1.e4 d5 2.exd5 Qxd5 3.Nc3 Qd8 4.Bc4 c6 5.Nf3 Bf5 6.g4 Bg6 7.h4 h5 8.Ne5 Qd6 9.
d4 Nd7 10.Bf4 Nxe5 11.dxe5 Qxd1+ 12.Rxd1 e6 13.Nb5 Rc8 14.Bg5 Be7 15.Nd6+ Bxd6
16.Rxd6 hxg4 17.Kd2 Nh6 18.Kc3 Be4 19.Rhd1 Bd5 20.Bd3 Nf5 21.Bxf5 exf5 22.Kb4
O-O 23.c4 c5+ 24.Kc3 Bc6 25.h5 Kh7 26.h6 g6 27.e6 f6 28.Be3 b6 29.e7 Rfe8 30.
Rd8 Rc7 31.R8d6 Bf3 32.R1d2 g5 33.Rxf6 f4 34.Bxf4 gxf4 35.Rxf4 Rexe7 36.Rf6
Rcd7 37.Rc2 Be4 38.Re2 Rd3+ 39.Kc2 Rf3+ 40.Rxe4 Rxe4 0-1

[Event "Division de Honor Titulo"]
[Site "Aragon"]
[Date "2011.04.09"]
[Round "10.16"]
[White "Sarto Ramos Angel"]
[Black "Montes Santos Lorenzo"]
[Result "0-1"]
[WhiteElo "2064"]
[BlackElo "2044"]

1.Nf3 c5 2.b3 Nf6 3.Bb2 g6 4.c4 Bg7 5.Nc3 O-O 6.Qc2 Nc6 7.a3 b6 8.Nd5 e6 9.
Nxf6+ Bxf6 10.e3 Bb7 11.Be2 Rc8 12.O-O d5 13.d3 d4 14.e4 Bg7 15.Bc1 e5 16.Bd2
h6 17.b4 Rc7 18.g3 Kh7 19.Nh4 f5 20.exf5 gxf5 21.f4 e4 22.bxc5 bxc5 23.Rab1
Ba8 24.Rb5 Qd6 25.Bh5 Ne7 26.Rfb1 exd3 27.Qxd3 Be4 28.Qb3 Bxb1 29.Qxb1 d3 30.
Rb3 Rd7 31.Nf3 Nc6 32.Ne1 Qd4+ 33.Kg2 Qxc4 34.Bf3 Ne7 35.h3 Rfd8 36.g4 Nd5 37.
Kg3 Nc3 38.Bxc3 Bxc3 39.Rb7 Kh8 40.Rxd7 Rxd7 41.Qb8+ Kg7 42.Qc8 Bxe1+ 43.Kh2
Qxf4+ 44.Kg1 Qe3+ 45.Kh2 Rf7 46.Qc6 fxg4 47.Bg2 Bg3+ 0-1

[Event "Division de Honor Descenso"]
[Site "Aragon"]
[Date "2011.04.09"]
[Round "10.17"]
[White "Villuendas Valero Adrian"]
[Black "Llanes Luno Ricardo"]
[Result "1-0"]
[WhiteElo "2266"]
[BlackElo "2224"]

1.d4 f5 2.Bg5 h6 3.Bh4 g5 4.Bg3 Bg7 5.e3 Nf6 6.Nc3 d6 7.h4 e6 8.Nh3 g4 9.Nf4
Nc6 10.Bc4 d5 11.Bb5 Kf7 12.h5 Ne7 13.Be2 c5 14.O-O cxd4 15.exd4 Bd7 16.Bh4
Qb6 17.Qd3 Rhc8 18.Rab1 Rc4 19.Rfd1 Rac8 20.Qe3 Rb4 21.Nd3 Rxc3 22.Ne5+ Ke8
23.Qxc3 Ne4 24.Qe3 Nc6 25.Nxc6 bxc6 26.Kh1 Rxd4 27.Rxd4 Qxd4 28.Qxd4 Bxd4 29.
f3 gxf3 30.gxf3 Ng5 31.c3 Bf6 32.Bf2 a5 33.Bb6 a4 34.Bc5 e5 35.b3 axb3 36.Rxb3
e4 37.Kg2 Ne6 38.Bd6 c5 39.Rb8+ Kf7 40.Rb7 Ke8 41.fxe4 dxe4 42.Bc4 Nd8 43.Rb3
Nc6 44.Bf4 Na5 45.Rb8+ Ke7 46.Be2 Bxc3 47.Bxh6 Be5 48.Bg5+ Kf7 49.Ra8 Nc6 50.
Bc4+ Kg7 51.Rg8+ Kh7 52.Rf8 Bg7 53.Bg8+ Kh8 54.Ra8 Ne5 55.h6 Bc6 56.hxg7+ Kxg7
57.Rd8 e3+ 58.Bd5 e2 59.Kf2 Bxd5 60.Rxd5 e1=Q+ 61.Kxe1 Nf3+ 62.Kd1 Nxg5 63.
Rxf5 Ne6 64.a4 Kg6 65.Rf2 1-0

[Event "Division de Honor Descenso"]
[Site "Aragon"]
[Date "2011.04.09"]
[Round "10.18"]
[White "Lamas Mercadal Manuel"]
[Black "Valiente Roy Jose Javier"]
[Result "1-0"]
[WhiteElo "2187"]
[BlackElo "2092"]

1.e4 c6 2.d4 d5 3.e5 Bf5 4.Nf3 e6 5.Be2 c5 6.Be3 cxd4 7.Nxd4 Ne7 8.c4 Nbc6 9.
Qa4 a6 10.Nc3 Rc8 11.Rd1 Bg6 12.O-O Qd7 13.cxd5 Nxd5 14.Nxd5 exd5 15.f4 Be4
16.Rc1 g6 17.Nxc6 Rxc6 18.Rxc6 Qxc6 19.Qxc6+ bxc6 20.Bxa6 c5 21.Bb7 Kd7 22.Rd1
Ke6 23.Bc8+ Ke7 24.Bxc5+ Kd8 25.Bxf8 Kxc8 26.Bd6 Kb7 27.Rc1 Rc8 28.Rxc8 Kxc8
29.Kf2 Kb7 30.g3 Kb6 31.Ke3 Bb1 32.a3 Kb5 33.Kd4 Ba2 34.g4 Kc6 35.Kc3 h5 36.
gxh5 gxh5 37.b3 Bb1 38.a4 Bf5 39.b4 h4 40.b5+ Kb6 41.Kb4 d4 42.Bc5+ Kb7 43.
Bxd4 h3 44.a5 Bd3 45.a6+ Kb8 46.Ka5 Bf5 47.Bc5 f6 1-0

[Event "Division de Honor Descenso"]
[Site "Aragon"]
[Date "2011.04.09"]
[Round "10.20"]
[White "Roche Simon Miguel Angel"]
[Black "Martin Barbero Roberto"]
[Result "1-0"]
[WhiteElo "2141"]
[BlackElo "2020"]

1.e4 c5 2.Nf3 g6 3.d4 cxd4 4.Nxd4 Bg7 5.Nc3 Nc6 6.Be3 Nf6 7.Bc4 O-O 8.Bb3 d5
9.Bxd5 Nxd5 10.Nxd5 e6 11.Nxc6 bxc6 12.Nc3 Qa5 13.O-O Ba6 14.Re1 Rfd8 15.Qf3
Rab8 16.e5 Rxb2 17.Bg5 Rf8 18.Be7 Re8 19.Bd6 Rxc2 20.Ne4 h6 21.a3 Bc4 22.Bb4
Qc7 23.Nd6 Rb8 24.Nxc4 Rxb4 25.axb4 Rxc4 26.Qb3 Rd4 27.b5 cxb5 28.Qxb5 Rd5 29.
Qe8+ Kh7 30.f4 Rd2 31.Kh1 Qb7 32.Rg1 g5 33.Rab1 Qe4 34.Rbf1 gxf4 35.Qxf7 Qxe5
36.Rxf4 Rd7 37.Qxd7 Qxf4 38.Qxa7 Kg6 39.Qb6 Be5 40.Qxe6+ Kg7 41.Qh3 Bd4 42.Rd1
Kg6 43.Qd3+ 1-0

[Event "Division de Honor Descenso"]
[Site "Aragon"]
[Date "2011.04.09"]
[Round "10.21"]
[White "Gimenez Martinez Alberto"]
[Black "Laliena Solares Luis"]
[Result "1/2-1/2"]
[WhiteElo "2132"]
[BlackElo "2208"]

1.e4 c5 2.Nf3 Nc6 3.d4 cxd4 4.Nxd4 g6 5.Nc3 Bg7 6.Be3 Nf6 7.Bc4 O-O 8.Bb3 a5
9.a4 Ng4 10.Nxc6 Nxe3 11.Nxd8 Bxc3+ 12.bxc3 Nxd1 13.Nxf7 Nxc3 14.Ne5+ Kg7 15.
f3 b5 16.axb5 Nxb5 17.Nc4 Rf6 18.Kd2 Rfa6 19.Ra4 Nd6 20.Rha1 Nb7 21.R4a3 e6
22.Ba4 d5 23.exd5 exd5 24.Ne3 Rd6 25.Bb3 1/2-1/2

[Event "Division de Honor Descenso"]
[Site "Aragon"]
[Date "2011.04.09"]
[Round "10.22"]
[White "Latorre Abad Fernando"]
[Black "Quintin Navarro Alberto"]
[Result "1-0"]
[WhiteElo "2100"]
[BlackElo "2121"]

1.e4 c5 2.c3 Nf6 3.e5 Nd5 4.d4 cxd4 5.Nf3 e6 6.cxd4 d6 7.Nc3 Nxc3 8.bxc3 Qc7
9.Bd2 Nd7 10.exd6 Bxd6 11.Bd3 O-O 12.O-O Nf6 13.Qe2 Bd7 14.Ne5 h6 15.f4 Rfe8
16.Rf3 a6 17.Rg3 b5 18.Rf1 Rab8 19.Ng4 Nxg4 20.Qxg4 Bf8 21.Qh5 f5 22.Qxh6 Qd6
23.Qg6 b4 24.Rh3 Bb5 25.Bxb5 axb5 26.Rh7 e5 27.Rxg7+ Bxg7 28.Qxd6 Rbd8 29.Qxb4
exd4 30.Qxb5 d3 31.Rf3 Re2 32.Rf2 1-0

[Event "Division de Honor Descenso"]
[Site "Aragon"]
[Date "2011.04.09"]
[Round "10.23"]
[White "Juberias Segura Santiago"]
[Black "Cobo Garrido Diego Israel"]
[Result "1-0"]
[WhiteElo "2055"]
[BlackElo "2032"]

1.c4 c6 2.g3 d5 3.Bg2 Nf6 4.Nf3 e6 5.O-O Be7 6.d4 O-O 7.Qc2 Nbd7 8.Nbd2 b6 9.
e4 dxe4 10.Nxe4 Nxe4 11.Qxe4 Ba6 12.Qc2 Bb7 13.Rd1 Qc8 14.Bf4 Re8 15.Rac1 Bf6
16.Ne5 Bxe5 17.dxe5 c5 18.Rd6 Bxg2 19.Kxg2 Qb7+ 20.f3 Nf8 21.Rcd1 Rac8 22.h4
Rc7 23.Qd3 Ree7 24.h5 h6 25.g4 Red7 26.g5 hxg5 27.Bxg5 Rxd6 28.exd6 Rd7 29.Be7
Qa8 30.Kf2 Qe8 31.Qe4 Nh7 32.Rg1 Nf8 33.Qh4 Nh7 34.Qg4 g5 35.hxg6 1-0

[Event "Division de Honor Descenso"]
[Site "Aragon"]
[Date "2011.04.09"]
[Round "10.24"]
[White "Sanz Lopez R"]
[Black "Arregui Unotria Carlos"]
[Result "1-0"]
[WhiteElo "1935"]
[BlackElo "2038"]

1.d4 Nf6 2.Bg5 e6 3.Nf3 c5 4.e3 h6 5.Bxf6 Qxf6 6.c4 Nc6 7.Nc3 cxd4 8.exd4 Bb4
9.Rc1 O-O 10.Bd3 d6 11.O-O Bxc3 12.Rxc3 e5 13.dxe5 dxe5 14.Qe2 g6 15.Qe3 Kg7
16.Re1 Re8 17.Nd2 Be6 18.Ne4 Qe7 19.c5 Bd5 20.Nd6 Red8 21.f4 e4 22.Bxe4 Bxe4
23.Qxe4 Qxe4 24.Rxe4 b6 25.Nb7 Rd1+ 26.Kf2 bxc5 27.Nxc5 Rc8 28.Nd3 Rd8 29.Ke2
Rg1 30.Rxc6 Rxg2+ 31.Nf2 Rxh2 32.Rc7 Rh5 33.Ree7 Rf5 34.Ke3 a5 35.Ng4 g5 36.
fxg5 hxg5 37.Ne5 Rb8 38.Rxf7+ Rxf7 39.Rxf7+ Kh6 40.b3 Rb5 41.Kd4 a4 42.Rf3
axb3 43.axb3 Rb4+ 44.Kc5 Re4 45.Kd5 Rb4 46.Re3 g4 47.Kc5 Rf4 48.b4 Kg5 49.b5
Rf5 50.Kd4 Rf1 51.b6 Rb1 52.Nf7+ Kf4 53.Re4+ Kf3 54.Re6 g3 55.Ne5+ Kg2 56.Nd3
Kf1 57.Rf6+ Kg1 58.Kc5 g2 59.Nf4 Kh2 60.Nxg2 Kxg2 61.Kc6 Rc1+ 62.Kd7 Kg3 63.
Rc6 1-0

[Event "Division de Honor Descenso"]
[Site "Aragon"]
[Date "2011.04.09"]
[Round "10.25"]
[White "Gavin Roche Enrique"]
[Black "Gil Capape MA"]
[Result "1-0"]
[WhiteElo "2241"]
[BlackElo "2061"]

1.d4 e6 2.c4 f5 3.g3 Nf6 4.Bg2 c6 5.Nf3 d5 6.O-O Be7 7.b3 Ne4 8.Ba3 Nd6 9.Qc2
O-O 10.Ne5 Nd7 11.Nd3 g5 12.e3 Qe8 13.Nd2 Nf6 14.Nf3 Nfe4 15.Nfe5 g4 16.Nf4
Rf6 17.Rfd1 Rh6 18.Rac1 Bg5 19.Bxd6 Nxd6 20.h4 gxh3 21.Nxh3 Bf6 22.Nf3 Ne4 23.
b4 Bd7 24.Nf4 Qe7 25.b5 Be8 26.Qb3 Nd6 27.cxd5 cxd5 28.a4 Nc4 29.Nd2 Nd6 30.
Rc2 Bd7 31.Rdc1 Kh8 32.Qb4 Rg8 33.Rc7 Bg5 34.Nf3 Bxf4 35.exf4 Rc8 36.Ne5 Qf8
37.Qxd6 1-0

[Event "Division de Honor Descenso"]
[Site "Aragon"]
[Date "2011.04.09"]
[Round "10.26"]
[White "Vera Aranjuelo Jesus Maria"]
[Black "Lopez Guaita Fernando"]
[Result "1/2-1/2"]
[WhiteElo "2049"]
[BlackElo "2032"]

1.d4 d5 2.Nf3 Nf6 3.Bf4 e6 4.e3 Bd6 5.Bg5 O-O 6.Bd3 Nbd7 7.O-O c6 8.c4 e5 9.
dxe5 Nxe5 10.Nxe5 Bxe5 11.Bxf6 Qxf6 12.Nd2 Bxb2 13.Rb1 Be5 14.cxd5 cxd5 15.Qc2
h6 16.Nf3 Bd6 17.Rb5 Rd8 18.Qb3 a6 19.Rb6 Qe7 20.Qb1 Bc5 21.Rb2 b6 22.Rd1 Bg4
23.Be2 b5 24.Rbd2 Qe6 25.Nd4 Bxd4 26.Bxg4 Qxg4 27.Rxd4 Qg5 28.Qd3 Rac8 29.e4
Rd6 30.Rxd5 Rxd5 31.exd5 Rd8 32.d6 Rd7 33.h3 Qe5 34.Qa3 Qe2 35.Qb3 Qe6 36.Qa3
Qe2 37.Rf1 Qe5 38.Rd1 1/2-1/2

[Event "Division de Honor Descenso"]
[Site "Aragon"]
[Date "2011.04.09"]
[Round "10.27"]
[White "Ferrer Echevarri Javier"]
[Black "Alonso Fernandez Revuelta Rodri"]
[Result "1/2-1/2"]
[WhiteElo "1959"]
[BlackElo "2037"]

1.d4 d5 2.Nf3 Nf6 3.Bg5 Nbd7 4.e3 e6 5.Nbd2 h6 6.Bh4 Be7 7.Bd3 O-O 8.O-O c5 9.
c3 b6 10.e4 dxe4 11.Nxe4 Bb7 12.Bxf6 Nxf6 13.Nxf6+ Bxf6 14.dxc5 bxc5 15.Qe2
Qc7 16.Rfd1 Rad8 1/2-1/2

[Event "Division de Honor Descenso"]
[Site "Aragon"]
[Date "2011.04.09"]
[Round "10.28"]
[White "Carraminana Lopez Luis Antonio"]
[Black "Navarro Sancho Rafael"]
[Result "1-0"]
[WhiteElo "2067"]
[BlackElo "1831"]

1.d4 Nf6 2.Nf3 g6 3.c4 c5 4.d5 b5 5.Qc2 Bg7 6.e4 d6 7.Be2 O-O 8.O-O bxc4 9.Nc3
Bg4 10.h3 Bxf3 11.Bxf3 Nbd7 12.Be2 Ne5 13.Be3 Rb8 14.Rab1 Qc7 15.a3 Rfc8 16.f4
Ned7 17.Bxc4 Nb6 18.Ba2 a6 19.Rbe1 Nfd7 20.Qf2 c4 21.Bb1 Nc5 22.f5 Rf8 23.Bg5
Nba4 24.e5 Rxb2 25.Qh4 Nxc3 26.f6 exf6 27.exf6 Bh8 28.Qh6 Rxb1 29.Rxb1 Nxb1
30.Rf4 Ne4 31.Rxe4 Nc3 32.Rh4 1-0

[Event "Division de Honor Descenso"]
[Site "Aragon"]
[Date "2011.04.09"]
[Round "10.29"]
[White "Fernandez Rubio Rafael"]
[Black "Bayod Rubia Angel"]
[Result "1-0"]
[WhiteElo "2054"]
[BlackElo "2053"]

1.f4 d5 2.Nf3 Nf6 3.e3 e6 4.b3 Nbd7 5.Bb2 Be7 6.Be2 O-O 7.O-O Ne8 8.d3 Bf6 9.
Bxf6 Ndxf6 10.Ne5 Nd6 11.Qe1 Nf5 12.Bf3 Nd7 13.d4 f6 14.Nd3 Qe7 15.c4 c6 16.
Nc3 dxc4 17.bxc4 Nb6 18.g4 Nh6 19.c5 Nd5 20.e4 Nxc3 21.Qxc3 e5 22.d5 exf4 23.
h3 cxd5 24.exd5 g5 25.Rfe1 Qg7 26.d6 f5 27.Bd5+ Kh8 28.Qxg7+ Kxg7 29.d7 fxg4
30.Re7+ Kh8 31.hxg4 Bxd7 32.Rxd7 Rad8 33.Be6 Rxd7 34.Bxd7 Rd8 35.Ne5 Kg7 36.
Kf2 Nf7 37.Nxf7 Kxf7 38.Bf5 Rd5 39.Rb1 Rxc5 40.Rxb7+ Kf6 41.Rxa7 h5 42.a4 hxg4
43.Bxg4 Rc2+ 44.Kf3 Rc3+ 45.Ke4 Rg3 46.Ra6+ Ke7 47.Kf5 f3 48.Re6+ Kf7 49.Re1
f2 50.Rf1 Ra3 51.Bd1 1-0

[Event "Division de Honor Descenso"]
[Site "Aragon"]
[Date "2011.04.09"]
[Round "10.30"]
[White "Bailo Remacha Santiago"]
[Black "Sierra Aguerri Joaquin"]
[Result "0-1"]
[WhiteElo "2044"]
[BlackElo "2051"]

1.c4 e6 2.b3 f5 3.Bb2 Nf6 4.g3 Be7 5.Bg2 O-O 6.Nf3 d5 7.cxd5 exd5 8.O-O c6 9.
d3 Qe8 10.Nbd2 Qh5 11.Qc2 Na6 12.a3 Nc7 13.Rae1 f4 14.e3 fxg3 15.fxg3 Bh3 16.
Nh4 Bxg2 17.Rf5 g5 18.Kxg2 Ng4 19.Nf1 Nb5 20.h3 Nh6 21.e4 Nxf5 22.Nxf5 Bf6 23.
g4 Qg6 24.e5 Bd8 25.N1g3 Nc7 26.Nh5 Rxf5 27.gxf5 Qxh5 28.e6 Ne8 29.Re3 Bf6 30.
Bxf6 Nxf6 31.Qc3 Qh6 32.Qb4 Qg7 33.e7 b6 34.Qd6 Re8 35.Re6 Nh5 36.Kf3 Nf4 37.
Rf6 Qxe7 0-1

[Event "Division de Honor Descenso"]
[Site "Aragon"]
[Date "2011.04.09"]
[Round "10.31"]
[White "Vera Jimenez Andres"]
[Black "Galve Guinea Alejandro"]
[Result "1/2-1/2"]
[WhiteElo "2006"]
[BlackElo "2032"]

1.d4 Nf6 2.Nf3 g6 3.c4 Bg7 4.g3 d5 5.Bg2 O-O 6.Nc3 Nc6 7.cxd5 Nxd5 8.e4 Nb6 9.
d5 Na5 10.O-O c6 11.dxc6 Nxc6 12.h3 Be6 13.Bf4 Bc4 14.Re1 Qxd1 15.Rexd1 Rfd8
16.Bc7 Rxd1+ 17.Rxd1 Rc8 18.Bxb6 axb6 19.a3 Rd8 20.Rxd8+ Nxd8 21.Bf1 Bxf1 22.
Kxf1 Nc6 23.Ke2 Kf8 24.Kd3 Ke8 25.b3 h6 26.Nd5 Bb2 27.a4 Ba3 28.Nd2 Bc5 29.f4
e6 30.Nf6+ Kd8 31.e5 Kc7 32.Nde4 Be7 33.Ne8+ Kd7 34.N8f6+ Kc7 35.Ne8+ Kd7 36.
N8f6+ Kc7 1/2-1/2

[Event "Division de Honor Descenso"]
[Site "Aragon"]
[Date "2011.04.09"]
[Round "10.32"]
[White "Requena Munguira Jorge"]
[Black "Sancho Casale Jesus"]
[Result "0-1"]
[WhiteElo "1983"]
[BlackElo "1932"]

1.d4 g6 2.c4 Bg7 3.Nc3 c5 4.d5 Bxc3+ 5.bxc3 f5 6.g3 Qa5 7.Qb3 d6 8.Nf3 Nd7 9.
Bg2 Ngf6 10.Nd2 Nb6 11.Bb2 Bd7 12.a3 Ba4 13.Qa2 Qa6 14.O-O O-O-O 15.Rfe1 Rde8
16.e4 fxe4 17.Bxe4 Nxe4 18.Rxe4 e5 19.dxe6 Re7 20.Rae1 Bc2 21.R4e3 Bf5 22.Qb3
Kc7 23.Qb5 Rhe8 24.Qxa6 bxa6 25.Kg2 Rxe6 26.Rxe6 Rxe6 27.Rxe6 Bxe6 28.Kf3 Bxc4
29.Nxc4 Nxc4 30.Bc1 Ne5+ 31.Ke4 Ng4 32.Kd5 Nf6+ 33.Ke6 Ng4 34.Bf4 Nxh2 35.
Bxd6+ Kc6 36.Bf8 Ng4 37.f4 Ne3 38.Kf7 Nf5 39.g4 Ne3 40.Kg7 h5 41.Be7 hxg4 42.
Kxg6 g3 43.Bh4 g2 44.Bf2 Nd1 45.Bg1 Nxc3 46.Kf5 Ne2 0-1

[Event "Preferente Fase Ascenso"]
[Site "Zaragoza"]
[Date "2011.04.09"]
[Round "10.33"]
[White "Cifuentes Parada Roberto"]
[Black "Lana Rodriguez David"]
[Result "1-0"]
[WhiteElo "2508"]
[BlackElo "2227"]

1.Nf3 c5 2.c4 Nc6 3.d4 cxd4 4.Nxd4 e5 5.Nb5 a6 6.Nd6+ Bxd6 7.Qxd6 Qe7 8.Qd2
Nf6 9.Nc3 d6 10.b3 Bf5 11.Ba3 Rd8 12.e3 O-O 13.Rd1 Nd4 14.Bd3 Bg4 15.exd4 Bxd1
16.Kxd1 exd4 17.Ne2 Ne4 18.Bxe4 Qxe4 19.Qxd4 Qb1+ 20.Nc1 Rfe8 21.Re1 Rxe1+ 22.
Kxe1 Qc2 23.Qd3 Qxd3 24.Nxd3 d5 25.c5 f6 26.Kd2 Re8 27.Bb2 Kf7 28.f3 Ke6 29.
Nf4+ Kf5 30.Ne2 h5 31.b4 g5 32.Nd4+ Kg6 33.a4 g4 34.b5 axb5 35.axb5 gxf3 36.
gxf3 Kg5 37.Kd3 f5 38.c6 bxc6 39.bxc6 Kf4 40.c7 Rc8 41.Ba3 Ke5 42.Nb5 Ke6 43.
Bd6 Kd7 44.Na7 Kxd6 45.Nxc8+ Kxc7 46.Ne7 Kd6 47.Ng6 1-0

[Event "Preferente Fase Ascenso"]
[Site "Zaragoza"]
[Date "2011.04.09"]
[Round "10.34"]
[White "Horton Justin"]
[Black "Munoz Munoz Juan Carlos"]
[Result "0-1"]
[WhiteElo "2112"]
[BlackElo "2103"]

1.d4 g6 2.Nf3 Bg7 3.e4 c5 4.d5 d6 5.Nc3 Nf6 6.Be2 O-O 7.O-O a6 8.a4 e5 9.Nd2
Ne8 10.Nc4 f5 11.a5 Nd7 12.f3 f4 13.Na4 g5 14.Bd2 h5 15.b4 cxb4 16.Bxb4 Ndf6
17.Nab6 Rb8 18.Qd3 Rf7 19.Qa3 Bf8 20.Rac1 g4 21.Nxc8 Rxc8 22.Nb6 Rcc7 23.c4
gxf3 24.Bxf3 Ng4 25.Bxg4 hxg4 26.c5 dxc5 27.Bxc5 Bxc5+ 28.Rxc5 Rxc5 29.Qxc5
Rc7 30.Qa3 Nd6 31.Qb2 Qg5 32.Rc1 Rh7 33.Qa3 f3 34.Rc2 Qh6 35.g3 Rf7 36.Qc5
Nxe4 37.Qc8+ Kh7 0-1

[Event "Preferente Fase Ascenso"]
[Site "Zaragoza"]
[Date "2011.04.09"]
[Round "10.35"]
[White "Aparicio Navarro Pedro Jose"]
[Black "Accattato Martin Mario"]
[Result "0-1"]
[WhiteElo "2179"]
[BlackElo "2144"]

1.c4 e5 2.Nc3 Nc6 3.Nf3 g6 4.g3 Bg7 5.Bg2 d6 6.O-O f5 7.d3 Nf6 8.e4 O-O 9.exf5
Bxf5 10.h3 Kh8 11.Be3 Qd7 12.Kh2 e4 13.dxe4 Nxe4 14.Nxe4 Bxe4 15.Nd4 Bxg2 16.
Kxg2 Ne5 17.Rc1 c5 18.Nb3 Qc6+ 19.f3 Rae8 20.Bf4 g5 21.Bxe5 Rxe5 22.Rc2 h5 23.
Rd2 Rf6 24.Rd5 Rxd5 25.cxd5 Qa4 26.a3 h4 27.Nd2 Qd4 28.Ne4 Rf5 29.Qxd4 Bxd4
30.gxh4 gxh4 31.Nxd6 Rxd5 32.Nxb7 Bxb2 33.Na5 Bxa3 34.Ra1 Bb2 35.Ra4 Rd4 36.
Nc4 Bc3 37.Kf1 a5 38.Ke2 Kg7 39.Ke3 Kf6 40.Ra2 Rxc4 41.Kd3 Rf4 42.Kxc3 a4 43.
Rf2 Ke5 44.Rf1 Kd5 45.Rd1+ Kc6 46.Rd3 Kb5 47.Re3 Rb4 48.Kc2 Rc4+ 49.Kb2 Kb4
50.Re8 a3+ 51.Kb1 Kb3 52.Rb8+ Rb4 53.Rh8 c4 54.Rxh4 c3 55.Rh8 a2+ 56.Ka1 c2
57.Rc8 Rc4 58.Rb8+ Kc3 0-1

[Event "Preferente Fase Ascenso"]
[Site "Zaragoza"]
[Date "2011.04.09"]
[Round "10.36"]
[White "Prat Guisado Christian"]
[Black "Gonzalez Gambau Jorge"]
[Result "1-0"]
[WhiteElo "2055"]
[BlackElo "2084"]

1.d4 d5 2.c4 c6 3.Nf3 Nf6 4.Nc3 g6 5.Bf4 dxc4 6.a4 Qa5 7.Bd2 Qf5 8.e3 Be6 9.
Ne5 Ng4 10.Nxg4 Qxg4 11.Qxg4 Bxg4 12.Bxc4 Bg7 13.O-O O-O 14.Ne4 Nd7 15.h3 Bf5
16.Ng3 Nb6 17.Be2 Be6 18.Rfc1 a5 19.Ne4 Nd7 20.Nc5 Nxc5 21.Rxc5 Bd5 22.Rxa5 e5
23.Rxa8 Rxa8 24.dxe5 Bxe5 25.Bc3 Bxc3 26.bxc3 Ra5 27.c4 Be6 28.Kf1 Rc5 29.Ke1
Bxc4 30.Rc1 b5 31.a5 Re5 32.Bxc4 bxc4 33.Ra1 Re7 34.Kd2 Ra7 35.a6 Kf8 36.Kc3
Ke7 37.Kxc4 Kd7 38.Kc5 Kc7 39.e4 g5 40.g3 h5 41.f4 h4 42.gxh4 gxf4 43.h5 f3
44.h6 f2 45.h7 Ra8 46.Rf1 Rh8 47.Rxf2 Rxh7 48.e5 Kb8 49.Kxc6 Ka7 50.Kb5 Ka8
51.Kb6 Rxh3 52.Rxf7 Rb3+ 53.Kc5 Ra3 54.Rf6 Ka7 55.Rc6 Rd3 56.e6 Rd1 57.e7 Re1
58.Kd6 Rd1+ 59.Kc7 Re1 60.Kd7 Rd1+ 61.Rd6 1-0

[Event "Preferente Fase Ascenso"]
[Site "Zaragoza"]
[Date "2011.04.09"]
[Round "10.37"]
[White "Colas Longares Rafael P"]
[Black "Hinojar Basa Alfonso"]
[Result "1-0"]
[WhiteElo "2302"]
[BlackElo "2200"]

1.e4 e6 2.d4 d5 3.Nc3 Bb4 4.e5 Ne7 5.a3 Bxc3+ 6.bxc3 c5 7.Qg4 Qc7 8.Bd3 cxd4
9.Ne2 dxc3 10.Qxg7 Rg8 11.Qxh7 Qxe5 12.Bf4 Qf6 13.h4 Nbc6 14.Bg5 Qe5 15.f4 Qe3
16.Rh3 Qb6 17.Rg3 e5 18.fxe5 Qb2 19.Rd1 Be6 20.Bc1 1-0

[Event "Preferente Fase Ascenso"]
[Site "Zaragoza"]
[Date "2011.04.09"]
[Round "10.38"]
[White "Sebastian Bespin Ruben"]
[Black "Trigo Conde Isaac"]
[Result "0-1"]
[WhiteElo "2185"]
[BlackElo "2264"]

1.e4 e5 2.Nf3 Nc6 3.Bc4 Bc5 4.c3 Nf6 5.d3 a6 6.Bb3 Ba7 7.Nbd2 O-O 8.Qe2 d6 9.
Nf1 Ng4 10.Ne3 Nxe3 11.Bxe3 Be6 12.Bxa7 Rxa7 13.Bxe6 fxe6 14.g3 Qf6 15.Nh4
Raa8 16.Ng2 Rf7 17.f4 Raf8 18.O-O exf4 19.Rxf4 Qe7 20.Raf1 Ne5 21.d4 Ng6 22.
Rxf7 Rxf7 23.Rxf7 Qxf7 24.b3 e5 25.Ne3 exd4 26.cxd4 Qe6 27.Qc4 Qxc4 28.Nxc4
Kf7 29.Kf2 Ke6 30.Ke3 b5 31.Nd2 c5 32.Nf3 h6 33.a3 Ne7 34.Kd3 Nc8 35.Nh4 Ne7
36.Nf3 g5 37.h3 Nc8 38.g4 Nb6 39.h4 gxh4 40.Nxh4 c4+ 41.Kc3 cxb3 42.Kxb3 Nc4
43.Kc3 Nxa3 44.Nf5 a5 45.Nxh6 b4+ 46.Kb3 Nb5 47.Nf5 Nc3 48.Ne3 Ne2 49.Kc4 Nc1
50.Nd1 Ne2 51.g5 Kf7 52.Kb5 Nc3+ 53.Kxa5 Nxd1 54.Kxb4 Ne3 55.e5 d5 56.Kc5 Ke6
57.g6 Nf5 58.Kb6 Ne7 59.g7 Kf7 60.Kc7 Kxg7 61.Kd6 Kf7 62.Kd7 Nf5 63.e6+ Kf6
0-1

[Event "Preferente Fase Ascenso"]
[Site "Zaragoza"]
[Date "2011.04.09"]
[Round "10.39"]
[White "Garcia Vicente Nieves"]
[Black "Jario Garcia Ricardo Javier"]
[Result "1-0"]
[WhiteElo "2220"]
[BlackElo "2130"]

1.d4 d5 2.c4 e6 3.Nc3 Nf6 4.Bg5 Nbd7 5.e3 Bb4 6.cxd5 exd5 7.Bd3 O-O 8.Nf3 c5
9.Qc2 Qa5 10.O-O c4 11.Bf5 g6 12.Bxd7 Nxd7 13.e4 Nb6 14.e5 Bf5 15.Qd2 Rfe8 16.
a3 Bf8 17.Bh6 Be7 18.Qf4 Nd7 19.g4 Be6 20.Rfe1 Nf8 21.Ng5 Qb6 22.Rab1 Rad8 23.
Re3 f5 24.exf6 1-0

[Event "Preferente Fase Ascenso"]
[Site "Zaragoza"]
[Date "2011.04.09"]
[Round "10.40"]
[White "Sancho Cortes Miguel Angel"]
[Black "Cabrera Moreno Daniel"]
[Result "1/2-1/2"]
[WhiteElo "2092"]
[BlackElo "2193"]

1.e4 e5 2.Nf3 Nc6 3.Bb5 a6 4.Ba4 Nf6 5.Bxc6 dxc6 6.d3 Nd7 7.Nbd2 Bd6 8.Nc4 O-O
9.Bd2 Re8 10.O-O Nf8 11.Bc3 f6 12.d4 exd4 13.Qxd4 Ne6 14.Qd2 Nc5 15.e5 Ne4 16.
Qd3 Nxc3 17.Qxc3 fxe5 18.Nfxe5 Bxe5 19.Nxe5 Be6 20.f4 Qf6 21.Rae1 Bd5 22.Re3
Rad8 23.Qb4 b6 24.c4 1/2-1/2

[Event "Preferente Fase Ascenso"]
[Site "Zaragoza"]
[Date "2011.04.09"]
[Round "10.41"]
[White "Salamero Pelay Fernando"]
[Black "Dominguez Bujeda Jesus"]
[Result "1-0"]
[WhiteElo "2127"]
[BlackElo "2120"]

1.e4 c5 2.Nf3 g6 3.d4 cxd4 4.Qxd4 Nf6 5.e5 Nc6 6.Qa4 Nd5 7.Qe4 Nb6 8.Nc3 d5 9.
exd6 Bf5 10.Qf4 Bg7 11.Bb5 O-O 12.Bxc6 bxc6 13.O-O Qxd6 14.Qxd6 exd6 15.Bf4
Nc4 16.Nd1 Bxc2 17.Rc1 Bd3 18.Re1 Rfe8 19.b3 Ne5 20.Bxe5 dxe5 21.Rxc6 e4 22.
Nd2 Rac8 23.Rxc8 Rxc8 24.Ne3 f5 25.g3 Bd4 26.Ndc4 Rc6 27.Rc1 Rc5 28.Rd1 Kg7
29.h4 Bf6 30.Kg2 f4 31.gxf4 Bxh4 32.Ne5 Bb5 33.a4 Be8 34.N3c4 g5 35.f5 Kf6 36.
Rd8 Bh5 37.Rf8+ Kg7 38.Ra8 Rc7 39.Nd6 Kf6 40.Nec4 Bf3+ 41.Kf1 Rc5 42.Rxa7 g4
43.Rxh7 Rd5 44.Ne3 Rxd6 45.Rh6+ Ke7 46.Rxh4 g3 47.Rh7+ Kf8 48.fxg3 Rd3 49.Nc4
Rxb3 50.Kf2 Rb4 51.Ne5 Rb2+ 52.Ke3 Rb3+ 53.Kf4 Bd1 54.Nd7+ Kg8 55.Nf6+ Kf8 56.
Nxe4 Rf3+ 57.Ke5 Bxa4 58.g4 Bc2 59.Kf6 Kg8 60.Rg7+ Kf8 61.Ng5 Rf1 62.Ne6+ Ke8
63.Re7# 1-0

[Event "Preferente Fase Ascenso"]
[Site "Zaragoza"]
[Date "2011.04.09"]
[Round "10.42"]
[White "Arpa Pardo Emilio"]
[Black "Gella Bitrian Diego"]
[Result "1/2-1/2"]
[WhiteElo "2031"]
[BlackElo "1970"]

1.Nf3 Nf6 2.c4 g6 3.Nc3 Bg7 4.e4 d6 5.d4 O-O 6.Be2 e5 7.dxe5 dxe5 8.Qxd8 Rxd8
9.Bg5 Re8 10.Nd5 Nxd5 11.cxd5 h6 12.Be3 c6 13.Bc4 cxd5 14.Bxd5 Na6 15.a3 Nc7
16.Ba2 Bd7 17.Nd2 Ne6 18.Rc1 Rac8 19.O-O Nf4 20.Rxc8 Rxc8 21.Nc4 Be6 22.Nd6
Rc2 23.Bxe6 Nxe6 24.Nxb7 Rxb2 25.Nc5 Nxc5 26.Bxc5 a6 27.f3 Bf8 28.Rc1 Bxc5+
29.Rxc5 Rb5 30.Rc4 Rb1+ 31.Kf2 Rb2+ 32.Kg3 Rb5 33.a4 Ra5 34.Kf2 Kf8 35.Ke2 Ke7
36.Kd3 Kd6 37.Kc3 Rc5 38.Kb4 a5+ 39.Kb3 h5 40.g4 hxg4 41.fxg4 g5 42.Kc3 Rxc4+
43.Kxc4 Kc6 44.h3 f6 1/2-1/2